00705nam a22001937a 450000500170000000800410001702000220005804000110008008200300009110000190012124501380014026000340027830000360031250000370034865000270038565000540041265000250046670000200049120251027105647.0230720b ||||| |||| 00| 0 eng d a978-1-138-54110-8 cNMSCST aGrad 373.1102 bM549 2020 aSuzanne Lawson aMentoring design and technology teachers in the secondary school : ba practical guide /cEdited by Lawson, Suzanne, Griffiths, Susan aLondon :bRoutledge, cc2020. axi, 167 pages :billustrations. aIncludes bibliography and index. aMentoring in education aTechnical education teachers--In-service training aHigh school teachers aSusan Griffiths